| 000 | 00507cam a2200205ua 4500 | ||
|---|---|---|---|
| 001 | 584 | ||
| 008 | 110409n ii |||gr||||Z||||||eng | ||
| 020 | _a81-7339-036-3 | ||
| 040 | _cMAIN | ||
| 082 | _a320.3 | ||
| 245 | 1 |
_aTulanamulok sarkar _cby Purandar Gogoi |
|
| 250 | _a8th. | ||
| 260 |
_aDibrugarh: _bBanalata,995. |
||
| 300 |
_a308p: _c35cm. |
||
| 653 | _aPolitical science | ||
| 653 | _aTulonamulok sarkar | ||
| 653 | _aComparative government | ||
| 700 |
_aGogoi, Purandar., _eAuthor. |
||
| 942 | _cBK | ||
| 999 |
_c519 _d519 |
||